=LDR 00000nam 2200000 4500 =001 INLIS000000000041398 =005 20130612150932 =008 ***********************************ind** =035 ##$$0010-061300000041398 =041 ##$$a ind =082 ##$$a 929.1 =090 ##$$a 929.1, Raj b =100 ##$$a Rajo Endah, Salam =245 ##$$a Biografi besar keturunan zainab-Nawawi Soetan Makmoer, Suku Jambak dan An Bangis -Kaum Datuok Majolebo, oleh Drs. H.M.N. Salam Rajo Endah, Apu =260 ##$$a 2008 $b Jakarta =300 ##$$a 277 hlm, ilus, 22 cm =650 ##$$a Silsilah Keturunan =850 ##$$a NNT-CD